Normal view MARC view

Entry Personal Name

Number of records used in: 2

001 - CONTROL NUMBER

  • control field: 724625

003 - CONTROL NUMBER IDENTIFIER

  • control field: OSt

005 - DATE AND TIME OF LATEST TRANSACTION

  • control field: 20241004113648.0

008 - FIXED-LENGTH DATA ELEMENTS

  • fixed length control field: 241004|| aca||aabn | a|a d

040 ## - CATALOGING SOURCE

  • Original cataloging agency: OSt
  • Transcribing agency: OSt

100 ## - HEADING--PERSONAL NAME

  • Personal name: Mahmoud Mohammad Ed.; Mohamedou Ed

670 ## - SOURCE DATA FOUND

  • Source citation: Work cat.: (OSt)1218771: Mahmoud Mohammad Ed.; Mohamedou Ed., State - building in the middle East and North Africa: one hundred years of nationalism, religion and politics, 2021
Copyright @ Delhi University Library System